Lettera d'amore a Giacomo Leopardi /
Shranjeno v:
| Glavni avtor: | |
|---|---|
| Format: | Knjiga |
| Jezik: | italijanščina |
| Izdano: |
Milano :
Solferino,
2025
|
| Serija: | Affreschi
|
| Teme: | |
| Oznake: |
Brez oznak, prvi označite!
|
MARC
| LEADER | 00000nam a2200000 i 4500 | ||
|---|---|---|---|
| 001 | IT\ICCU\CFI\1151241 | ||
| 003 | ItRI | ||
| 005 | 20251021171344.0 | ||
| 008 | 250422s2025 it |||||| |||||1|||||c | ||
| 020 | |a 9788828216919 | ||
| 040 | |b ita |c Arcigay Viterbo | ||
| 041 | 7 | |a ita |2 ISO-639-2 | |
| 082 | |a 851.7 |2 23 | ||
| 100 | 1 | |a Moresco, Antonio, |d (1947- ) |0 IT\ICCU\MILV\103390 |4 aut | |
| 240 | 1 | 0 | |a Lettera d'amore a Giacomo Leopardi |9 Moresco, Antonio <1947- > |
| 245 | 1 | 0 | |a Lettera d'amore a Giacomo Leopardi / |c Antonio Moresco. |
| 260 | |a Milano : |b Solferino, |c 2025 | ||
| 300 | |a 235 p. ; |c 22 cm | ||
| 650 | 7 | |a Leopardi, Giacomo <1798-1837> | |
| 830 | 0 | |a Affreschi |0 IT\ICCU\RT1\0180892 | |
| 942 | |2 ddc |c BK |n 0 | ||
| 952 | |0 0 |1 0 |2 ddc |4 0 |6 851_700000000000000_MOR_LET |7 0 |9 9784 |a VT |b VT |d 2025-10-21 |e Dono della Biblioteca Consorziale di Viterbo |i B364 |l 0 |o 851.7 MOR LET |p B364 |r 2025-10-21 17:14:58 |w 2025-10-21 |y BK |z Dono della Biblioteca Consorziale di Viterbo | ||
| 981 | 1 | |6 z01 |a i |b xxxe | |
| 982 | 1 | |6 z01 |a n | |
| 999 | |c 8158 |d 8158 | ||